000 01473nam a22003857a 4500
001 000064617
003 CHAP
005 20220329141136.0
008 971010s1981 r 00010 d
010 _a63300
011 _a64272
035 _a69549
040 _cCHAP
082 0 4 _a070.486
_bG8
245 1 0 _aCompilación de materiales periodísticos de interés universitario.
260 _aChapingo, Méx. :
_bUACH. Departamento de Zootecnia,
_c1981.
300 _a4 v.
500 _aLa biblioteca tiene : v.1 17 de feb.- 9 de marzo-- v.2 10 al 26 de marzo v.3 27 de marzo al 9 de abril v.4 al 27 de abril
590 _aBATCH-UPD
_b10
_c20130110
_lUCH01
_h1806
590 _aBATCH-UPD
_b10
_c20130410
_lUCH01
_h1142
590 _aBATCH-UPD
_b10
_c20130914
_lUCH01
_h1024
590 _aCONVERSION
_b10
_c20130109
_lUCH01
_h1334
590 _aE5995AHE
_b05
_c20150217
_lUCH01
_h1132
650 4 _aComunicación en agricultura.
_926212
650 4 _aPeriodismo agrícola.
_987178
700 0 0 _aGutiérrez Soria, Pedro
_ecomp.
_951841
901 _aBK
942 _cLIBRO
942 _n0
949 _a070.486 G8
_bBC
_cLIBRO
_d-54573
_eLIBRO
_fv.1
_h60343
_i69549
_si
949 _a070.486 G8
_bBC
_cLIBRO
_d-54575
_eLIBRO
_fv.2
_h60344
_i69549
_si
949 _a070.486 G8
_bBC
_cLIBRO
_d-54576
_eLIBRO
_fv.3
_h60345
_i69549
_si
949 _a070.486 G8
_bBC
_cLIBRO
_d-54577
_eLIBRO
_fv.4
_h60346
_i69549
_si
949 _a070.486 G8
_bBC
_cLIBRO
_d33724000304259
_eLIBRO
_fv.1 c.2
_h78717
_i69549
_si
999 _c63300
_d63300